| 000 | 00307nam a2200097Ia 4500 | ||
|---|---|---|---|
| 008 | 220120s9999||||xx |||||||||||||| ||und|| | ||
| 100 |
_aJeshmi, Parinitha, Shilpa and Shwetha _912311 |
||
| 245 | 0 | _aGSM based voting system | |
| 260 |
_aCoorg Institute of Technology _bPonnampet _c2011 |
||
| 650 | _aCOMPUTER SCIENCE | ||
| 999 |
_c137897 _d137897 |
||